000 00763nam a2200253 a 4500
001 71106
003 BD-RJUL
005 20211209082058.0
008 170426s1955 ge a 001 0 eng d
035 _a(BD-RJUL) 71321
040 _aGZD
_cGZD
_dBD-RJUL
_beng
041 0 _aengger
082 _223
_a581
_bMOD 1955
245 1 0 _aModern methods of plant analysis /
_cEd. by K. Paech [and] M.V. Tracey.
260 _aBerlin :
_bSpringer,
_c1955.
300 _a V. :
_bill. ;
_c22 cm.
500 _aEnglish and German ; added t.p. in German.
504 _aIncludes bibliographies.
505 0 _aVol.--2
650 0 _aBotanical chemistry.
_9121915
700 1 _aTracey, M. V.
_q(Michael Vincent).
_9210378
700 1 _aEd. by Paech K.
_9210379
942 _2ddc
_cBK
999 _c71106
_d71106